[Event "Mem op Francisco Codes 12th"]
[Site "Madrid"]
[Date "2018.04.22"]
[Round "3.10"]
[White "Lopez Orellana, Federico"]
[Black "Ramos Antona, Enrique"]
[Result "1-0"]
[WhiteElo "1695"]
[BlackElo "1573"]
[PlyCount "145"]
[EventDate "2018.04.08"]
[EventType "swiss"]
[EventRounds "9"]
[EventCountry "ESP"]
[SourceTitle "EXT 2024"]
[Source "ChessBase"]
[SourceDate "2023.10.10"]
[SourceVersion "1"]
[SourceVersionDate "2023.10.10"]
[SourceQuality "1"]

1. d4 Nf6 2. Bf4 e6 3. e3 d5 4. Bd3 Nbd7 5. Nd2 Be7 6. Ngf3 h6 7. Ne5 a6 8. Bg3 c5 9. c3 0-0 10. 0-0 cxd4 11. exd4 g6 12. f4 Kg7 13. Qe2 Nh5 14. Rf3 f5 15. Re1 Ndf6 16. Bh4 Ne4 17. Bxe7 Qxe7 18. Ref1 Nhf6 19. Bxe4 Nxe4 20. Nxe4 dxe4 21. Rg3 Rf6 22. h4 Bd7 23. h5 Be8 24. Kf2 Kh7 25. hxg6+ Bxg6 26. Rh1 Rg8 27. Rgh3 Be8 28. g3 Rh8 29. g4 fxg4 30. Qxe4+ Kg7 31. Nxg4 Bc6 32. Qe5 Bxh1 33. Rxh1 Kf7 34. Nxf6 Qxf6 35. Qe4 Qe7 36. Rh5 Qc7 37. f5 Ke7 38. Qxe6+ Kf8 39. Qf6+ Kg8 40. Rh4 Rh7 41. Rg4+ Rg7 42. Rxg7+ Qxg7 43. Qxg7+ Kxg7 44. Kf3 Kf6 45. Kg4 h5+ 46. Kxh5 Kxf5 47. Kh6 Kf6 48. c4 Kf5 49. Kg7 Ke4 50. d5 Ke5 51. Kf7 Kd6 52. Kf6 b5 53. b3 a5 54. cxb5 Kxd5 55. a4 Kd6 56. Kf5 Kd5 57. Kf4 Kd6 58. Ke4 Kc5 59. Kd3 Kd5 60. Ke3 Kc5 61. Ke4 Kd6 62. Kd4 Kc7 63. Kc5 Kb7 64. b4 axb4 65. Kxb4 Ka7 66. Kc5 Kb7 67. a5 Kc7 68. a6 Kc8 69. Kc6 Kb8 70. b6 Ka8 71. b7+ Kb8 72. a7+ Kxa7 73. Kc7 1-0